000 01328cam a22003014a 4500
001 14775535
003 ARRUPE
005 20211028095121.0
008 070320s2007 ncua b 001 0 eng
010 _a 2007011952
020 _a9780807831359 (cloth : alk. paper)
040 _aDLC
_cDLC
_dDLC
050 0 0 _aNK1110
_b.R57 2007
082 0 0 _a745.01
_222
100 1 _aRisatti, Howard,
_d1943-
_950769
245 1 2 _aA theory of craft :
_bfunction and aesthetic expression /
_cHoward Risatti ; foreword by Kenneth R. Trapp.
260 _aChapel Hill :
_bUniversity of North Carolina Press,
_cc2007.
300 _axvi, 327 p. :
_bill. ;
_c24 cm.
504 _aIncludes bibliographical references (p. [307]-316) and index.
650 0 _aDecorative arts
_xPhilosophy.
_950770
650 0 _aDesign
_xPhilosophy.
_950771
856 4 1 _3Table of contents only
_uhttp://www.loc.gov/catdir/toc/ecip0714/2007011952.html
856 4 2 _3Contributor biographical information
_uhttp://www.loc.gov/catdir/enhancements/fy0828/2007011952-b.html
856 4 2 _3Publisher description
_uhttp://www.loc.gov/catdir/enhancements/fy0828/2007011952-d.html
906 _a7
_bcbc
_corignew
_d1
_eecip
_f20
_gy-gencatlg
942 _2lcc
_cMONOGRAPH
999 _c131019
_d131019